Caracteres fisonómicos de la vegetación del Chubut, 1 : Sierra San Bernardo, llanura y valle aluvial del Río Senguer, Pampa de María Santísima, Valle Hermoso y Pampa del Castillo /

Guardado en:
Autor Principal: Bertiller, Mónica.
Autor Corporativo: Centro Nacional Patagónico.
Otros Autores: Beeskow, A., Irisarri, M.
Formato: Libro
Idioma:Spanish
Publicado: Puerto Madryn : CENPAT, 1981.
Series:Contribución, nº 40
Acceso en línea:Texto completo
Etiquetas: Agregar Etiqueta
Sin Etiquetas, Sea el primero en etiquetar este registro!
LEADER 00874nam a22001935a 4500
001 EEA.libagro003370
005 20190610124624.0
008 130809s1981####ag#a##########000#0#spa#d
082 0 4 |a 581.98274 
100 1 |a Bertiller, Mónica. 
245 1 0 |a Caracteres fisonómicos de la vegetación del Chubut, 1 :  |b Sierra San Bernardo, llanura y valle aluvial del Río Senguer, Pampa de María Santísima, Valle Hermoso y Pampa del Castillo /  |c Mónica Bertiller, A. Beeskow, M. Irisarri. 
260 |a Puerto Madryn :  |b CENPAT,  |c 1981. 
300 |a 26 p. :  |b il. ;  |c 29 cm. 
490 1 |a Contribución,  |x 0325-9439 ;  |v nº 40 
700 1 |a Beeskow, A. 
700 1 |a Irisarri, M. 
710 2 |a Centro Nacional Patagónico. 
856 |u http://tango.cenpat-conicet.gob.ar/koha/contrib/0040B-CaracteresFisonomicosYFlo.pdf  |3 Texto completo 
859 |a AR-BbBCA  |b BIB. AGRONOMIA  |h 581.98274  |i B543  |p 1984/0082